English drama competitions amongst secondary schools : a case study /
Saved in:
| Main Author: | |
|---|---|
| Format: | Thesis Book |
| Language: | English |
| Published: |
2007.
|
| Subjects: | |
| Tags: |
Add Tag
No Tags, Be the first to tag this record!
|
| LEADER | 01017cam a2200253 a 4500 | ||
|---|---|---|---|
| 001 | u745525 | ||
| 003 | SIRSI | ||
| 005 | 200709171201 | ||
| 008 | 070917s2006 my t 000 0 eng m | ||
| 040 | |a UMM | ||
| 043 | |a a-my-ns | ||
| 090 | |a PR13 |b UM 2006 Shu | ||
| 100 | 0 | |a Shunmugasundari Shunmuganathan. | |
| 245 | 1 | 0 | |a English drama competitions amongst secondary schools : |b a case study / |c Shunmugasundari Shunmuganathan. |
| 260 | |c 2007. | ||
| 300 | |a vi, 204 leaves ; |c 30 cm. | ||
| 502 | |a Dissertation (M.A. (Engl.Lit.)) -- Jabatan Inggeris, Fakulti Sastera dan Sains Sosial, Universiti Malaya, 2007. | ||
| 504 | |a Bibliography: leaves 116-120. | ||
| 650 | 0 | |a English language |x Study and teaching (Secondary) |z Negeri Sembilan |v Case studies. | |
| 650 | 0 | |a Drama in education |z Negeri Sembilan |v Case studies. | |
| 710 | 2 | |a Universiti Malaya. |b Jabatan Inggeris. | |
| 900 | |a SK | ||
| 596 | |a 1 | ||
| 999 | |a PR13 UM 2006 SHU |w LC |c 1 |i A513072614 |d 21/3/2017 |e 21/3/2017 |f 19/9/2007 |g 1 |l STACKS |m P01UTAMA |n 5 |r Y |s Y |t TESIS |u 18/9/2007 | ||
